[Event "ITA-chT 45th "]
[Site "Bratto"]
[Date "2013.04.30"]
[Round "6"]
[White "Stromboli, Carlo"]
[Black "Stella, Luca"]
[Result "0-1"]
[WhiteElo "2325"]
[BlackElo "2148"]
[PlyCount "98"]
[EventDate "2013.04.27"]
[EventType "team-swiss"]
[EventRounds "7"]
[EventCountry "ITA"]
[SourceTitle "CBM 154 Extra"]
[Source "ChessBase"]
[SourceDate "2013.06.25"]
[SourceVersion "2"]
[SourceVersionDate "2013.06.25"]
[SourceQuality "1"]
[WhiteTeam "Partenopea Master"]
[BlackTeam "Arrocco"]
[WhiteTeamCountry "ITA"]
[BlackTeamCountry "ITA"]

1. e4 c5 2. Nf3 d6 3. c3 Nf6 4. Bd3 Nc6 5. Bc2 g6 6. 0-0 Bg7 7. Re1 0-0 8. d3 h6 9. Nbd2 e5 10. Nf1 d5 11. Ng3 d4 12. h3 Qd6 13. Nh2 Be6 14. Qe2 Rfd8 15. Qf1 dxc3 16. bxc3 c4 17. dxc4 Na5 18. Bb3 Qc7 19. Rb1 Bxc4 20. Bxc4 Nxc4 21. Nf3 Rac8 22. Rd1 Rxd1 23. Qxd1 b6 24. Qe2 Qc6 25. Nd2 Ne8 26. Nxc4 Qxc4 27. Qxc4 Rxc4 28. Bd2 Ra4 29. Rb2 Nd6 30. f3 Nc4 31. Rc2 Bf8 32. Bc1 Bc5+ 33. Kh2 h5 34. Ne2 Kg7 35. Bd2 Na3 36. Rb2 Nc4 37. Rc2 f6 38. Be1 Na3 39. Rb2 Nc4 40. Rc2 Be3 41. g3 Kf7 42. Kg2 Ra5 43. Bf2 Rb5 44. f4 Rb1 45. a4 Ra1 46. Kf3 Rf1 47. Ng1 Bxf2 48. Rxf2 Rxg1 49. fxe5 Nxe5+ 0-1

[Event "ITA-chT 45th "]
[Site "Bratto"]
[Date "2013.04.27"]
[Round "1"]
[White "Vezzosi, Paolo"]
[Black "Stella, Luca"]
[Result "1/2-1/2"]
[WhiteElo "2282"]
[BlackElo "2148"]
[PlyCount "133"]
[EventDate "2013.04.27"]
[EventType "team-swiss"]
[EventRounds "7"]
[EventCountry "ITA"]
[SourceTitle "CBM 154 Extra"]
[Source "ChessBase"]
[SourceDate "2013.06.25"]
[SourceVersion "2"]
[SourceVersionDate "2013.06.25"]
[SourceQuality "1"]
[WhiteTeam "Portlab Club 64"]
[BlackTeam "Arrocco"]
[WhiteTeamCountry "ITA"]
[BlackTeamCountry "ITA"]

1. d4 Nf6 2. c4 g6 3. Nc3 d5 4. Nf3 Bg7 5. Bg5 Ne4 6. cxd5 Nxg5 7. Nxg5 e6 8. Nf3 exd5 9. e3 c6 10. Bd3 Be6 11. 0-0 0-0 12. b4 Nd7 13. Rc1 Qe7 14. Qb3 Qd6 15. Rc2 Rfc8 16. Ng5 Bf8 17. Rb1 b6 18. Ba6 Rcb8 19. a4 c5 20. Nb5 Qc6 21. Nxe6 fxe6 22. e4 Rd8 23. exd5 exd5 24. Na3 c4 25. Qf3 Nb8 26. Bb5 Qe6 27. Re2 Qf7 28. Qxf7+ Kxf7 29. a5 a6 30. Ba4 b5 31. Bd1 Nc6 32. Nc2 Bg7 33. Rd2 Bh6 34. f4 Bg7 35. Bf3 Ra7 36. Kf2 Re7 37. g3 Bh8 38. Rbd1 Bg7 39. Rb1 Ree8 40. Rbd1 Rd7 41. Rb1 Ke7 42. Rbd1 Kd6 43. Rb1 Rde7 44. Rbd1 Rf8 45. Kg2 h6 46. h4 Rg8 47. Rh1 Bf6 48. Bg4 Rge8 49. Rhd1 g5 50. fxg5 hxg5 51. h5 Bg7 52. Rf1 Rf8 53. Rfd1 Re4 54. Bf3 Re7 55. Bg4 Ree8 56. Rh1 Bh6 57. Rf2 Rxf2+ 58. Kxf2 Rf8+ 59. Ke2 Re8+ 60. Kf2 Re4 61. Bf3 Re6 62. Rd1 Rf6 63. Ke2 Re6+ 64. Kf2 Bg7 65. Rd2 Bh8 66. Rd1 Bg7 67. Rd2 1/2-1/2

[Event "ITA-chT"]
[Site "Arvier"]
[Date "2012.05.01"]
[Round "7"]
[White "Stella, Luca"]
[Black "Rombaldoni, Axel"]
[Result "0-1"]
[WhiteElo "2119"]
[BlackElo "2464"]
[PlyCount "58"]
[EventDate "2012.04.27"]
[EventType "team-swiss"]
[EventRounds "7"]
[EventCountry "ITA"]
[SourceTitle "CBM 148 Extra"]
[Source "ChessBase"]
[SourceDate "2012.06.22"]
[SourceVersion "1"]
[SourceVersionDate "2012.06.22"]
[SourceQuality "1"]
[WhiteTeam "Rome Arrocco"]
[BlackTeam "Pesaro Scavolini Datagest"]
[WhiteTeamCountry "ITA"]
[BlackTeamCountry "ITA"]

1. e4 e6 2. d3 d5 3. Nd2 c5 4. Ngf3 Nc6 5. g3 g6 6. Bg2 Bg7 7. 0-0 Nge7 8. c3 0-0 9. Re1 b6 10. h4 d4 11. c4 e5 12. Nf1 h5 13. N1h2 Kh8 14. Ng5 Ng8 15. f4 exf4 16. gxf4 Nh6 17. e5 Qc7 18. Bd5 Rb8 19. e6 f6 20. Nf7+ Nxf7 21. exf7 Ne7 22. Be6 Bxe6 23. Rxe6 Nf5 24. Nf3 Qxf7 25. Qe2 Rbe8 26. Rxe8 Rxe8 27. Qg2 Bh6 28. Bd2 Ne3 29. Bxe3 Rxe3 0-1

[Event "ITA-chT"]
[Site "Arvier"]
[Date "2012.04.29"]
[Round "4"]
[White "Stella, Luca"]
[Black "Mariano, Elia"]
[Result "1-0"]
[WhiteElo "2119"]
[BlackElo "2156"]
[PlyCount "57"]
[EventDate "2012.04.27"]
[EventType "team-swiss"]
[EventRounds "7"]
[EventCountry "ITA"]
[SourceTitle "CBM 148 Extra"]
[Source "ChessBase"]
[SourceDate "2012.06.22"]
[SourceVersion "1"]
[SourceVersionDate "2012.06.22"]
[SourceQuality "1"]
[WhiteTeam "Rome Arrocco"]
[BlackTeam "Eporediese Ivrea"]
[WhiteTeamCountry "ITA"]
[BlackTeamCountry "ITA"]

1. e4 c6 2. c4 d5 3. exd5 cxd5 4. cxd5 Nf6 5. Nc3 g6 6. Nf3 Bg7 7. Bc4 0-0 8. 0-0 Nbd7 9. d3 Nb6 10. Qb3 Ne8 11. Re1 Nd6 12. Bg5 Re8 13. h3 Bf5 14. Rac1 Rc8 15. Nd2 h6 16. Bf4 g5 17. Bh2 Bg6 18. Nce4 Nf5 19. Nf3 Nd4 20. Nxd4 Bxd4 21. d6 Nxc4 22. Rxc4 Rxc4 23. Qxc4 e5 24. d7 Re7 25. Qc8 Bb6 26. Nf6+ Kg7 27. Bxe5 Rxe5 28. Ne8+ Kf8 29. Rxe5 1-0

[Event "Biella op-A 2nd"]
[Site "Biella"]
[Date "2011.09.26"]
[Round "5"]
[White "Stella, Luca"]
[Black "Zozulia, Anna"]
[Result "1/2-1/2"]
[WhiteElo "2103"]
[BlackElo "2377"]
[PlyCount "78"]
[EventDate "2011.09.23"]
[EventType "swiss"]
[EventRounds "5"]
[EventCountry "ITA"]
[SourceTitle "CBM 144 Extra"]
[Source "ChessBase"]
[SourceDate "2011.10.28"]
[SourceVersion "1"]
[SourceVersionDate "2011.10.28"]
[SourceQuality "1"]

1. e4 c5 2. Nf3 e6 3. d3 Nc6 4. g3 d5 5. Nbd2 Bd6 6. Bg2 Nge7 7. 0-0 0-0 8. Re1 Bc7 9. c3 a5 10. a4 b6 11. exd5 Nxd5 12. Nb3 Bb7 13. d4 cxd4 14. Nbxd4 Rc8 15. Nxc6 Bxc6 16. Nd4 Ba8 17. Nb5 Bb8 18. Qe2 Bc6 19. Be3 Bxb5 20. Qxb5 Nxe3 21. Rxe3 Bd6 22. Rd1 Qc7 23. Red3 Rfd8 24. Rd4 h6 25. Qa6 Bc5 26. Rxd8+ Rxd8 27. Rxd8+ Qxd8 28. Qa8 Qxa8 29. Bxa8 f5 30. h3 Kf7 31. Kf1 e5 32. f3 Ke6 33. Ke2 h5 34. Bc6 Ke7 35. Bb5 g6 36. Bc6 Bd6 37. Bd5 Kf6 38. Kf2 g5 39. g4 Bc5+ 1/2-1/2

[Event "Biella op-A 2nd"]
[Site "Biella"]
[Date "2011.09.25"]
[Round "4"]
[White "Gallucci, Alessio"]
[Black "Stella, Luca"]
[Result "1/2-1/2"]
[WhiteElo "2227"]
[BlackElo "2103"]
[PlyCount "49"]
[EventDate "2011.09.23"]
[EventType "swiss"]
[EventRounds "5"]
[EventCountry "ITA"]
[SourceTitle "CBM 144 Extra"]
[Source "ChessBase"]
[SourceDate "2011.10.28"]
[SourceVersion "1"]
[SourceVersionDate "2011.10.28"]
[SourceQuality "1"]

1. e4 g6 2. d4 Bg7 3. Be2 c5 4. dxc5 Qa5+ 5. c3 Qxc5 6. Be3 Qc6 7. Nd2 b6 8. f4 Bb7 9. Bf3 Qc7 10. Ne2 Nf6 11. 0-0 d6 12. Kh1 Nbd7 13. Nd4 a6 14. Qe1 Nc5 15. e5 Nd5 16. exd6 Qxd6 17. Bg1 Qc7 18. f5 0-0 19. fxg6 hxg6 20. Qh4 Bf6 21. Qh6 Bg7 22. Qh3 Rad8 23. Rae1 Bc8 24. Bg4 Bb7 25. Bf3 1/2-1/2

[Event "Biella op-A 2nd"]
[Site "Biella"]
[Date "2011.09.24"]
[Round "2"]
[White "Vezzosi, Paolo"]
[Black "Stella, Luca"]
[Result "1-0"]
[WhiteElo "2351"]
[BlackElo "2103"]
[PlyCount "75"]
[EventDate "2011.09.23"]
[EventType "swiss"]
[EventRounds "5"]
[EventCountry "ITA"]
[SourceTitle "CBM 144 Extra"]
[Source "ChessBase"]
[SourceDate "2011.10.28"]
[SourceVersion "1"]
[SourceVersionDate "2011.10.28"]
[SourceQuality "1"]

1. d4 g6 2. e4 Bg7 3. Nc3 c5 4. dxc5 Bxc3+ 5. bxc3 Qa5 6. Bd3 Qxc3+ 7. Bd2 Qxc5 8. Rb1 d6 9. Ne2 Nf6 10. Rb5 Qc7 11. Bh6 Nbd7 12. 0-0 b6 13. Nf4 Bb7 14. Qe2 Rg8 15. Bg5 a6 16. Rbb1 Qc5 17. Nh3 Qc6 18. Rb4 Nc5 19. Bxf6 exf6 20. Nf4 Qc7 21. Nd5 Bxd5 22. exd5+ Kd7 23. Rfb1 b5 24. c4 bxc4 25. Bxc4 Rgb8 26. a3 Re8 27. Qb2 Re5 28. f4 Qa7 29. Kh1 Re7 30. Qxf6 Rae8 31. Qh4 Kc7 32. h3 h5 33. Kh2 Re3 34. Qf6 R3e7 35. Rb6 Ne4 36. Qd4 Ra8 37. Bxa6 Nc5 38. Rc6+ 1-0

[Event "Porto San Giorgio op 23rd"]
[Site "Porto San Giorgio"]
[Date "2011.08.23"]
[Round "4"]
[White "Vuelban, Virgilio"]
[Black "Stella, Luca"]
[Result "1/2-1/2"]
[WhiteElo "2357"]
[BlackElo "2090"]
[PlyCount "53"]
[EventDate "2011.08.21"]
[EventType "swiss"]
[EventRounds "9"]
[EventCountry "ITA"]
[SourceTitle "CBM 144 Extra"]
[Source "ChessBase"]
[SourceDate "2011.10.28"]
[SourceVersion "1"]
[SourceVersionDate "2011.10.28"]
[SourceQuality "1"]

1. e4 g6 2. d4 Bg7 3. Nc3 c5 4. Nf3 cxd4 5. Nxd4 Nc6 6. Be3 Nf6 7. Bc4 0-0 8. Bb3 d6 9. h3 Bd7 10. 0-0 Rc8 11. Nxc6 Bxc6 12. f3 Qa5 13. Qd2 b6 14. Rad1 Rfd8 15. Bd4 Qa6 16. Qf2 Qb7 17. Rfe1 e5 18. Be3 d5 19. exd5 Nxd5 20. Bg5 Rd7 21. Ne4 h6 22. Bxd5 hxg5 23. Bxc6 Qxc6 24. Rxd7 Qxd7 25. Nxg5 Qd4 26. c3 Qxf2+ 27. Kxf2 1/2-1/2

[Event "Porto San Giorgio op 23rd"]
[Site "Porto San Giorgio"]
[Date "2011.08.22"]
[Round "2"]
[White "Dvirnyy, Danyyil"]
[Black "Stella, Luca"]
[Result "1-0"]
[WhiteElo "2436"]
[BlackElo "2090"]
[PlyCount "47"]
[EventDate "2011.08.21"]
[EventType "swiss"]
[EventRounds "9"]
[EventCountry "ITA"]
[SourceTitle "CBM 144 Extra"]
[Source "ChessBase"]
[SourceDate "2011.10.28"]
[SourceVersion "1"]
[SourceVersionDate "2011.10.28"]
[SourceQuality "1"]

1. e4 c5 2. Nf3 d6 3. d4 cxd4 4. Nxd4 Nf6 5. Nc3 a6 6. Qe2 Nbd7 7. g4 Qb6 8. Nb3 Ne5 9. h3 h6 10. f4 Ng6 11. Be3 Qc7 12. 0-0-0 e6 13. Qf2 Bd7 14. Bb6 Qc8 15. Bd3 Bc6 16. Rhe1 e5 17. Nd5 Bxd5 18. exd5 Nd7 19. Bxg6 fxg6 20. fxe5 dxe5 21. Rf1 Nxb6 22. Qxb6 g5 23. d6 Qc6 24. d7+ 1-0

[Event "Ceriano Laghetto op-A 20th"]
[Site "Ceriano Laghetto"]
[Date "2011.04.02"]
[Round "2"]
[White "Stella, Luca"]
[Black "Lapiccirella, Daniele"]
[Result "1/2-1/2"]
[WhiteElo "2064"]
[BlackElo "2255"]
[PlyCount "44"]
[EventDate "2011.04.01"]
[EventType "swiss"]
[EventRounds "5"]
[EventCountry "ITA"]
[SourceTitle "EXT 2023"]
[Source "ChessBase"]
[SourceDate "2022.10.05"]
[SourceVersion "1"]
[SourceVersionDate "2022.10.05"]
[SourceQuality "1"]

1. e4 c5 2. Nf3 e6 3. d3 d5 4. Nbd2 Nf6 5. g3 Nc6 6. Bg2 g6 7. 0-0 Bg7 8. c3 0-0 9. Re1 Kh8 10. Qc2 b6 11. Nf1 e5 12. Ne3 Be6 13. Ng5 d4 14. Nxe6 fxe6 15. Nc4 Nd7 16. Qe2 Qe7 17. Rf1 b5 18. Nd2 Nb6 19. c4 a6 20. b3 Nd7 21. Nf3 Rae8 22. h4 h6 1/2-1/2

[Event "Codogno op 2nd"]
[Site "Codogno"]
[Date "2010.09.25"]
[Round "2"]
[White "De Santis, Alessio"]
[Black "Stella, Luca"]
[Result "1-0"]
[WhiteElo "2305"]
[BlackElo "2027"]
[PlyCount "39"]
[EventDate "2010.09.24"]
[EventType "swiss"]
[EventRounds "5"]
[EventCountry "ITA"]
[SourceTitle "CBM 138 Extra"]
[Source "ChessBase"]
[SourceDate "2010.10.29"]
[SourceVersion "1"]
[SourceVersionDate "2010.10.29"]
[SourceQuality "1"]

1. d4 Nf6 2. c4 g6 3. Nc3 d5 4. cxd5 Nxd5 5. e4 Nxc3 6. bxc3 Bg7 7. Bc4 c5 8. Ne2 Nc6 9. Be3 0-0 10. Rc1 cxd4 11. cxd4 Qa5+ 12. Kf1 Qa3 13. Rc3 Qd6 14. h4 Rd8 15. h5 Nxd4 16. Nxd4 Bxd4 17. Rd3 e5 18. hxg6 hxg6 19. Bg5 Kg7 20. Qf3 1-0

[Event "Crema op 12th"]
[Site "Crema "]
[Date "2010.09.05"]
[Round "2"]
[White "Stella, Luca"]
[Black "Pinna, Ferdinando"]
[Result "1/2-1/2"]
[WhiteElo "2042"]
[BlackElo "1858"]
[PlyCount "73"]
[EventDate "2010.09.05"]
[EventType "swiss"]
[EventRounds "6"]
[EventCountry "ITA"]
[SourceTitle "EXT 2012"]
[Source "ChessBase"]
[SourceDate "2011.11.24"]
[SourceVersion "1"]
[SourceVersionDate "2011.11.24"]
[SourceQuality "1"]

1. Nf3 Nf6 2. g3 g6 3. Bg2 Bg7 4. 0-0 0-0 5. d3 d5 6. Nbd2 Nbd7 7. e4 dxe4 8. dxe4 e5 9. c3 b6 10. Qc2 Bb7 11. Re1 Re8 12. Nc4 Qe7 13. Bg5 h6 14. Bxf6 Qxf6 15. Ne3 c6 16. Rad1 Qe6 17. Nd2 Nf6 18. Ndc4 Red8 19. f4 exf4 20. gxf4 Ng4 21. Nxg4 Qxc4 22. Qb3 Qxb3 23. axb3 h5 24. Ne3 Bh6 25. Nc4 Bxf4 26. e5 Rxd1 27. Rxd1 Ba6 28. Bxc6 Rc8 29. Bd7 Rc7 30. e6 fxe6 31. Bxe6+ Kg7 32. Rf1 Bxc4 33. bxc4 g5 34. Kg2 Re7 35. Bd5 Re2+ 36. Rf2 Rxf2+ 37. Kxf2 1/2-1/2

[Event "Corsico op"]
[Site "Corsico"]
[Date "2010.03.14"]
[Round "4"]
[White "Stella, Luca"]
[Black "D'Apa, Matteo"]
[Result "1-0"]
[WhiteElo "2034"]
[BlackElo "2026"]
[PlyCount "61"]
[EventDate "2010.03.12"]
[EventType "swiss"]
[EventRounds "5"]
[EventCountry "ITA"]
[SourceTitle "EXT 2011"]
[Source "ChessBase"]
[SourceDate "2010.11.26"]
[SourceVersion "1"]
[SourceVersionDate "2010.11.26"]
[SourceQuality "1"]

1. e4 e5 2. Bc4 Bc5 3. Nc3 Nf6 4. d3 h6 5. f4 d6 6. Nf3 Ng4 7. Qe2 Nc6 8. Nd1 0-0 9. f5 Bxf5 10. exf5 d5 11. Bb3 e4 12. dxe4 dxe4 13. Ng1 Nge5 14. Be3 Nd4 15. Bxd4 Bxd4 16. Nc3 Qh4+ 17. g3 Bxc3+ 18. bxc3 Qg5 19. Bd5 Nf3+ 20. Nxf3 exf3 21. Qxf3 Rae8+ 22. Kf2 Qd2+ 23. Kg1 Re3 24. Qf2 Qxc3 25. Kg2 Rfe8 26. Bf3 Qe5 27. g4 Qc3 28. Rhf1 b5 29. Rab1 b4 30. Rb3 Qc5 31. Re1 1-0

[Event "ITA-ch U20"]
[Site "Castione"]
[Date "2009.08.24"]
[Round "4"]
[White "Stella, Luca"]
[Black "Sorbera, Giovanni"]
[Result "0-1"]
[WhiteElo "1987"]
[BlackElo "1917"]
[PlyCount "106"]
[EventDate "2009.08.21"]
[EventType "swiss"]
[EventRounds "9"]
[EventCountry "ITA"]
[SourceTitle "EXT 2011"]
[Source "ChessBase"]
[SourceDate "2010.11.26"]
[SourceVersion "1"]
[SourceVersionDate "2010.11.26"]
[SourceQuality "1"]

1. e4 Nf6 2. e5 Nd5 3. d4 d6 4. Nf3 dxe5 5. Nxe5 c6 6. c4 Nb4 7. Be3 Bf5 8. Nd3 e5 9. Nxb4 Bxb4+ 10. Nc3 exd4 11. Qxd4 Qxd4 12. Bxd4 c5 13. Be3 Nc6 14. 0-0-0 Bxc3 15. bxc3 b6 16. Rd6 Na5 17. Be2 Rd8 18. Rhd1 Rxd6 19. Rxd6 Be6 20. Bg5 0-0 21. Be7 Re8 22. Rd8 Rxd8 23. Bxd8 Bxc4 24. Bxc4 Nxc4 25. Bc7 Na5 26. Kc2 Kf8 27. Kd3 Ke7 28. Ke4 Kd7 29. Bb8 Kc6 30. Kd3 a6 31. Be5 f6 32. Bb8 Kd5 33. Bc7 Nc4 34. Bg3 b5 35. f3 a5 36. Bf2 Ne5+ 37. Kc2 Kc4 38. Be3 f5 39. Bd2 Ng6 40. Bg5 Ne5 41. Bd8 a4 42. Be7 Nd3 43. Kd2 b4 44. cxb4 cxb4 45. Bf8 g6 46. Bg7 Nc5 47. Bf6 b3 48. a3 Ne6 49. Be5 Nd4 50. Kc1 Kd3 51. Kb2 Nc2 52. g4 fxg4 53. fxg4 Ne3 0-1

[Event "ITA-ch U20"]
[Site "Castione"]
[Date "2009.08.23"]
[Round "3"]
[White "Rombaldoni, Brian"]
[Black "Stella, Luca"]
[Result "0-1"]
[WhiteElo "1831"]
[BlackElo "1987"]
[PlyCount "104"]
[EventDate "2009.08.21"]
[EventType "swiss"]
[EventRounds "9"]
[EventCountry "ITA"]
[SourceTitle "EXT 2011"]
[Source "ChessBase"]
[SourceDate "2010.11.26"]
[SourceVersion "1"]
[SourceVersionDate "2010.11.26"]
[SourceQuality "1"]

1. b3 e5 2. Bb2 Nc6 3. e3 d5 4. Bb5 Bd6 5. f4 Qh4+ 6. g3 Qe7 7. Nf3 Bg4 8. fxe5 Bxe5 9. Bxe5 Bxf3 10. Qxf3 Qxe5 11. 0-0 Nf6 12. Nc3 0-0 13. Bxc6 bxc6 14. Rae1 Rfe8 15. Rf2 Re7 16. Rfe2 Rae8 17. Qf4 Qd6 18. Qa4 Qc5 19. Qd4 Qb6 20. d3 h6 21. Qf4 a5 22. Kg2 Qb4 23. Qxb4 axb4 24. Nd1 Nd7 25. d4 Nf6 26. c3 bxc3 27. Nxc3 g5 28. h3 Kg7 29. g4 h5 30. gxh5 Nxh5 31. Kf3 f5 32. a4 Kg6 33. a5 Ra8 34. b4 Nf6 35. Ra1 Rh7 36. Kg2 g4 37. hxg4 Nxg4 38. Kg3 Kg5 39. b5 Rah8 40. Rg1 Rh3+ 41. Kg2 Nxe3+ 42. Rxe3 Rxe3 43. Kf2+ Kf4 44. Ne2+ Ke4 45. Ng3+ Rxg3 46. Rxg3 cxb5 47. Rb3 c6 48. Rc3 Rc8 49. a6 Kxd4 50. Rc1 Ke5 51. a7 Kd6 52. Rh1 Kd7 0-1

[Event "Brescia op"]
[Site "Brescia"]
[Date "2009.06.11"]
[Round "6"]
[White "Ignacz, Rozsa"]
[Black "Stella, Luca"]
[Result "0-1"]
[WhiteElo "2099"]
[BlackElo "1942"]
[PlyCount "54"]
[EventDate "2009.06.06"]
[EventType "swiss"]
[EventRounds "9"]
[EventCountry "ITA"]
[SourceTitle "EXT 2010"]
[Source "ChessBase"]
[SourceDate "2010.11.25"]
[SourceVersion "1"]
[SourceVersionDate "2010.11.25"]
[SourceQuality "1"]

1. d4 Nf6 2. c4 g6 3. Nc3 Bg7 4. Bg5 0-0 5. e3 d6 6. Nf3 Nbd7 7. Be2 c6 8. Qc2 Qc7 9. 0-0 e5 10. Rad1 Re8 11. dxe5 dxe5 12. b4 Nf8 13. Bxf6 Bxf6 14. Ne4 Be7 15. c5 Bf5 16. Qc4 Rad8 17. Nfg5 Ne6 18. Nf3 Ng7 19. Neg5 Bf6 20. Qh4 h5 21. e4 Bg4 22. Bc4 Rf8 23. Qg3 Bxg5 24. Rxd8 Bxd8 25. Qxe5 Ne6 26. Bxe6 Bxe6 27. Re1 h4 0-1

[Event "Brescia op"]
[Site "Brescia"]
[Date "2009.06.07"]
[Round "2"]
[White "Stella, Luca"]
[Black "Rotstein, Arkadij"]
[Result "0-1"]
[WhiteElo "1942"]
[BlackElo "2526"]
[PlyCount "84"]
[EventDate "2009.06.06"]
[EventType "swiss"]
[EventRounds "9"]
[EventCountry "ITA"]
[SourceTitle "EXT 2010"]
[Source "ChessBase"]
[SourceDate "2010.11.25"]
[SourceVersion "1"]
[SourceVersionDate "2010.11.25"]
[SourceQuality "1"]

1. e4 c5 2. Nf3 e6 3. d3 b6 4. g3 Bb7 5. Bg2 d6 6. 0-0 Nd7 7. Nc3 Be7 8. Bd2 a6 9. Qe2 Bf6 10. Rae1 Ne7 11. Nd1 Nc6 12. Ne3 Nde5 13. c3 Qd7 14. Nxe5 dxe5 15. Nc4 Qc7 16. Be3 0-0 17. f4 b5 18. Nd2 exf4 19. gxf4 Be7 20. Rf3 Rad8 21. Rh3 g6 22. Kh1 Qd6 23. Bf2 Qd7 24. Rg1 f5 25. Bf1 Rf7 26. Qh5 Rg7 27. Qh6 c4 28. Be2 Bf8 29. Bh4 cxd3 30. Rxd3 Qxd3 31. Bxd3 Rxd3 32. Bf6 Ne7 33. Bxg7 Bxg7 34. Qh4 Rxd2 35. Re1 Kf7 36. Qg3 Rxb2 37. Qd3 Bxe4+ 38. Rxe4 fxe4 39. Qxe4 Rxa2 40. c4 Ra4 41. Qb7 bxc4 42. Qd7 Ra2 0-1

[Event "EU-ch U12 18th"]
[Site "Herceg Novi"]
[Date "2008.09.22"]
[Round "7"]
[White "Stella, Luca"]
[Black "Ignat, Ilie"]
[Result "1-0"]
[WhiteElo "1894"]
[BlackElo "1557"]
[PlyCount "34"]
[EventDate "2008.09.15"]
[EventType "swiss"]
[EventRounds "9"]
[EventCountry "MNE"]
[SourceTitle "CBM 126 Extra"]
[Source "ChessBase"]
[SourceDate "2008.11.05"]
[SourceVersion "1"]
[SourceVersionDate "2008.11.05"]
[SourceQuality "1"]

1. e4 c6 2. Nc3 d5 3. Nf3 Bg4 4. h3 Bxf3 5. Qxf3 d4 6. Nb1 Qd6 7. d3 Nd7 8. g3 e5 9. Bg2 Qc7 10. 0-0 Bd6 11. Nd2 Ne7 12. c3 c5 13. cxd4 cxd4 14. Nc4 Bc5 15. Bd2 h5 16. Na5 Bb6 17. Rac1 Qd8 1-0

[Event "Bratto op-B 28th"]
[Site "Bratto"]
[Date "2008.08.29"]
[Round "7"]
[White "Stella, Luca"]
[Black "Fiorili, Roberto"]
[Result "1/2-1/2"]
[WhiteElo "1894"]
[BlackElo "1918"]
[PlyCount "69"]
[EventDate "2008.08.23"]
[EventType "swiss"]
[EventRounds "9"]
[EventCountry "ITA"]
[SourceTitle "EXT 2011"]
[Source "ChessBase"]
[SourceDate "2010.11.26"]
[SourceVersion "1"]
[SourceVersionDate "2010.11.26"]
[SourceQuality "1"]

1. e4 g6 2. d4 Bg7 3. Nc3 d6 4. Be3 c6 5. f3 b5 6. Qd2 a6 7. g4 Bb7 8. h4 Nd7 9. 0-0-0 a5 10. h5 a4 11. h6 Bf8 12. g5 b4 13. Nce2 Qa5 14. Nf4 e6 15. d5 cxd5 16. exd5 e5 17. Nd3 b3 18. Qxa5 Rxa5 19. axb3 axb3 20. c4 Ra4 21. Nf2 Ba6 22. Ne4 Bxc4 23. Bxc4 Rxc4+ 24. Kb1 f5 25. Nd2 Rc7 26. Nxb3 f4 27. Bf2 Ne7 28. Ne2 Nf5 29. Nc3 Kf7 30. Ne4 Be7 31. Na5 Rb8 32. Rc1 Rxc1+ 33. Rxc1 Rb5 34. Rc7 Rxa5 35. Rxd7 1/2-1/2

[Event "Bratto op-B 28th"]
[Site "Bratto"]
[Date "2008.08.26"]
[Round "4"]
[White "Stella, Luca"]
[Black "Viglino, Antonio"]
[Result "1/2-1/2"]
[WhiteElo "1894"]
[BlackElo "1862"]
[PlyCount "48"]
[EventDate "2008.08.23"]
[EventType "swiss"]
[EventRounds "9"]
[EventCountry "ITA"]
[SourceTitle "EXT 2011"]
[Source "ChessBase"]
[SourceDate "2010.11.26"]
[SourceVersion "1"]
[SourceVersionDate "2010.11.26"]
[SourceQuality "1"]

1. e4 e6 2. d3 d5 3. Nd2 c5 4. Ngf3 Nc6 5. g3 Bd6 6. Bg2 Nge7 7. 0-0 0-0 8. Re1 Qc7 9. c3 d4 10. Ng5 f6 11. Nh3 e5 12. Nc4 Be6 13. Nxd6 Qxd6 14. f4 dxc3 15. bxc3 Rad8 16. Nf2 b5 17. f5 Bf7 18. Qc2 b4 19. Be3 bxc3 20. Qxc3 Nd4 21. Bxd4 cxd4 22. Qd2 Rc8 23. Rec1 h6 24. Bf3 Rc6 1/2-1/2

[Event "Ceriano Laghetto op-B 17th"]
[Site "Ceriano Laghetto"]
[Date "2008.03.30"]
[Round "5"]
[White "Stella, Luca"]
[Black "Beltrami, Chiara"]
[Result "1-0"]
[WhiteElo "1848"]
[BlackElo "1658"]
[PlyCount "68"]
[EventDate "2008.03.28"]
[EventType "swiss"]
[EventRounds "5"]
[EventCountry "ITA"]
[SourceTitle "EXT 2011"]
[Source "ChessBase"]
[SourceDate "2010.11.26"]
[SourceVersion "1"]
[SourceVersionDate "2010.11.26"]
[SourceQuality "1"]

1. e4 e5 2. Nf3 d6 3. d4 Nd7 4. Bc4 c6 5. dxe5 dxe5 6. Ng5 Nh6 7. Qf3 Qf6 8. Qe2 b5 9. Bb3 Nc5 10. Nc3 Nxb3 11. axb3 Qg6 12. h4 Bc5 13. f3 0-0 14. g4 Qd6 15. Be3 Bxe3 16. Qxe3 Qd4 17. Qxd4 exd4 18. Ne2 c5 19. b4 f6 20. Nh3 cxb4 21. Nxd4 Bd7 22. Nf4 Nf7 23. Nd5 Ne5 24. Nxb4 Rfd8 25. Nd5 Kf7 26. Ke2 Bc6 27. Nxc6 Nxc6 28. Rad1 Ne5 29. Ra1 Rac8 30. Rxa7+ Kf8 31. c3 Nc4 32. b3 Ne5 33. Rb7 Rb8 34. Rc7 Rd7 1-0

[Event "Franciacorta op 1st"]
[Site "Castelli Calepio"]
[Date "2007.04.28"]
[Round "1"]
[White "Stella, Luca"]
[Black "Schaberg, Wolfgang"]
[Result "1/2-1/2"]
[WhiteElo "1892"]
[BlackElo "1480"]
[PlyCount "62"]
[EventDate "2007.04.28"]
[EventType "swiss"]
[EventRounds "3"]
[EventCountry "ITA"]
[SourceTitle "EXT 2010"]
[Source "ChessBase"]
[SourceDate "2010.11.25"]
[SourceVersion "1"]
[SourceVersionDate "2010.11.25"]
[SourceQuality "1"]

1. e4 c5 2. Nf3 Nc6 3. d4 cxd4 4. Nxd4 Nf6 5. Nc3 d6 6. Be2 Bd7 7. Be3 g6 8. 0-0 Bg7 9. h3 0-0 10. Qd2 Re8 11. f4 a6 12. Bf3 Qc7 13. Nb3 e6 14. Rad1 Bf8 15. g4 h6 16. Qf2 b5 17. h4 Nh7 18. Kh1 Rec8 19. Rg1 Rab8 20. h5 Be8 21. Rg2 b4 22. Ne2 e5 23. g5 hxg5 24. fxg5 Nd8 25. Ng3 Ne6 26. Nf5 Rb7 27. Nh6+ Bxh6 28. gxh6 g5 29. Rdg1 f6 30. Bg4 Qe7 31. Qf5 Bd7 1/2-1/2